000 00480nam a2200193Ia 4500
005 20230517135928.0
008 131103s9999 xx 000 0 und d
020 _a440184622
040 _aLoreto College
041 _aEnglish
082 _aF
_bCLA
100 _aClavell,James
245 _aTai - pan
_b a novel of Hong Kong
_cJames Clavell
260 _aNew York
_bA Dell Book
_c1966
300 _a734 p.
650 _aFiction in English
850 _aLCLIB
942 _cBK
999 _c16530
_d67009